000 01467nam0a22003251 4500
001 rc\3189976
005 20120628150553.0
021 _aRU
_b[75-49596]
035 _a(NLR Aleph) 007339232
090 _a6091385
_c6091385
100 _a20120628d1975 u y0rusy50 ca
101 0 _arus
102 _aRU
105 _aa z |||a|
200 1 _aГероические поэмы
_eСборник
_f[Ил.: Е. Синилов
205 _aПереизд.]
210 _aВоронеж
_cЦентр.-Чернозем. кн. изд-во
_d1975
215 _a328 с.
_cил.
_d20
327 1 _aСодерж.: Владимир Ильич Ленин / В. Маяковский; Главная улица / Д. Бедный; Василий Теркин / А. Твардовский; Зоя / М. Алигер; Сердце и дневник / С. Смирнов
464 0 _12001#$aВасилий Теркин
_1700#1$aТвардовский$bА.
464 0 _12001#$aЗоя
_1700#1$aАлигер$bМ.
464 0 _12001#$aСердце и дневник
_1700#1$aСмирнов$bС.
464 0 _12001#$aГлавная улица
_1700#1$aБедный$bД.
464 0 _12001#$aВладимир Ильич Ленин
_1700#1$aМаяковский$bВ.
_1702#1$aЛенин$bВ.И.$gВладимир Ильич$4570
702 1 _aСинилов
_bЕ.
_4440
801 0 _aRU
_bNLR
_gpsbo
801 1 _aRU
_bELAR
_2rusmarc
852 _aNLR
_j75-3/3632
942 _cBOOK
980 _aNB